MDQL
is popping MORE tags! Check the
thread
!
Quizzes
Events
Quiz Creation
Community
Videos
Private Events
Remove Ads
Sign In
Join for FREE
Feedback
Dark Mode
Quiz Categories
Sports
Geography
Music
Movies
Television
Just For Fun
Miscellaneous
History
Literature
Language
Science
Gaming
Entertainment
Religion
Holiday
For Kids
Quiz Lab
Recent
Popular Today
Quiz Kudos Today
Editor Picks
Curator Picks
Quizzes by...
Day
Popularity
Type
Ratings
Length
Year
Community
Subscriptions
Recent Discussions
Orange Saloon
Badges
Playlists
Quests
Create
Leaderboards
Showdown
Live 5
Trivia Bingo
Activity
Puzzle Library
Sporcle Events
Private Events
Virtual Trivia
Globe League
Become a Host
Pub Owners
SporcleCon
Opinionation
Our Games
Videos
Blog
Mobile Apps
Partnerships
Remove Ads and Go Orange
Feedback
Miscellaneous
Crossword
General Knowledge
Baby Names
Logo
Food
Cars
Numbers
Grab Bag
University
College
Popular
Company
Slogans
Restaurants
Justice
Letter
Miscellaneous
Crossword
General Knowledge
Baby Names
Logo
Food
Cars
Numbers
Grab Bag
University
College
Popular
Company
Slogans
Restaurants
Justice
Letter
Random Quiz
Search Sporcle
×
Quiz Lab
Quiz Lab
Miscellaneous
Cars
Type in answers that appear in a list
Type in answers that appear in a list
Classic
Best Score? Go Orange.
Can You Name the Different types of cars Stats
Can you name the Can You Name the Different types of cars?
By
Cardinals21
10m
62 Questions
197 Plays
197 Plays
197 Plays
Comments
Comments
Give Quiz Kudos
Give Quiz Kudos
-
- Ratings
hide this ad
Random Order
Randomize order of answers
Randomize order of answers
Replay
Link that replays current quiz
Next Quiz
Link to next quiz in quiz playlist
You Got
0%
They Got
Avg Score
30%
Avg Friend Score
Upgrade to see
Score Distribution
Jump to the score distribution portion of the page
Score
0/62
Timer
10:00
0
Plays Today
% Correct
Ford
83.2%
Toyota
77.7%
Honda
68.5%
Ferrari
65%
BMW
64.5%
Audi
58.4%
Lamborghini
56.3%
Nissan
55.8%
Hyundai
49.7%
Mercedes-Benz
49.2%
Volkswagen
48.2%
Jeep
47.2%
Kia
46.7%
Chevy
46.2%
Porsche
45.7%
Dodge
43.9%
Jaguar
43.7%
Fiat
41.6%
Bugatti
40.1%
Lexus
40.1%
Mitsubishi
37.1%
Volvo
36%
Land Rover
36%
Mini
34.5%
Aston Martin
34%
Cadillac
34%
Chrysler
33.5%
Renault
33.5%
GMC
33%
Peugeot
29.9%
Suzuki
29.4%
% Correct
Alfa Romeo
28.4%
Mclaren
28.4%
Acura
28.4%
Buick
27.9%
Lincoln
27.9%
Maserati
26.9%
Citroen
24.4%
Saab
20.3%
Pontiac
20.3%
Vauxhall
19.8%
Seat
19.3%
Opel
18.8%
Infiniti
18.3%
Smart
16.2%
Pagani
16.2%
Lotus
15.7%
Hummer
14.7%
Mercury
13.7%
Holden
11.7%
Oldsmobile
10.7%
Scion
10.7%
Koenigsegg
9.6%
Shelby
8.1%
Lancia
5.1%
Eagle
5.1%
Plymouth
5.1%
Spyker
2.5%
Arbath
2%
Panoz
2%
Saleen
2%
Morgan
2%
Quiz Playlist
Details
Report
Send in Message
Add To Playlist
Classic:
Type in answers that appear in a list
Random Order:
Randomize order of answers
Last Updated: Feb 16, 2017
Quiz Scoreboard
CHALLENGE
Sign Up to Join the Scoreboard
Show All
Scores
Hide
Comments
May contain spoilers
Recently Published
Colored Red Africa Blitz
by spor1
Geography
30s
Find the 'City' Movie
by crazypaving
Movies
60s
5x2 Blitz: Bands
by SL_Kpop136
Music
30s
More to Explore
Quiz From the Vault
Featured Blog Post
14 Easter Pick-up Lines to Find Eggs With
hide this ad
You Might Also Like...
Tags
Cars Quiz
car
Different
Today's Top Quizzes in Miscellaneous
Browse Miscellaneous
hide this ad
Today's Top Quizzes in Cars
Browse Cars
Top Contributed Quizzes in Miscellaneous
1
5-to-1: Fast Food
2
9x9 Crossword: Disney Movie Titles
3
9x9 Crossword: Charlie and the Chocolate Factory
4
The JOE quick-fire general knowledge quiz: Day 174
5
9x9 Crossword: Nickelodeon
6
9x9 Crossword: Flags
7
9x9 Crossword: Pixar Movie Titles
8
9x9 Crossword: 2022 Movies
9
9x9 Crossword: Halloween
10
9x9 Crossword: Actors
Explore More
Trending Topics
Harry Potter
Marvel
Disney
Crossword
Kpop
Anime
NBA
Country
WWE
Puzzle
Pokémon
The Office
NFL
Song
Soccer
hide this ad
More By:
Cardinals21
Quiz
Plays
Rating
Category
Featured
Created
Can You Correctly Name all the U.S. Presidents in Order
261
3.25
History
May 20, 2013
Can You Name the Different types of cars
197
2.33
Miscellaneous
May 18, 2013
Go to Creator's Profile
Score Distribution
Quiz Creator Spotlight
Cardinals21
Follow
Send a Message
Quizzes Created
-
Created Quiz Play Count
-
More By This Creator
Popular Quizzes Today
1
Find the 'City' Movie
2
Colored Red Africa Blitz
3
5x2 Blitz: Bands
4
Find the US States - No Outlines Minefield
5
The Countries of the World
6
Find the US States
7
9x9 Crossword: Cartoon Network
8
US States
More Miscellaneous Quizzes
Wondrous Waves
Quiz Lab
Trending Quizzes
Colored Red Europe Blitz I
Colored Red Africa Blitz II
Colored Red Africa Blitz III
Colored Red Europe Blitz III
Colored Red Europe Blitz II
Recently Updated
Champions League XIs: Real Madrid
pecheneg
Largest US Cities 1790-2010
pecheneg
Rides in Walt Disney World
pecheneg
Most Oscar Losses (Acting)
pecheneg
Beyoncé Albums
pecheneg
Leaping Animals
pecheneg
Reality TV Shows (A-Z)
bhenderson79
Rickey Henderson's Hall of Fame Teammates
pecheneg
Champions League XIs: Arsenal
pecheneg
Quick Pick: Celebrities in WWE's Hall of Fame
aduchscher
Trending Topics
NBA
Harry Potter
Anime
Marvel
Disney
Crossword
Kpop
The Office
Soccer
NFL
Song
Puzzle
Country
Pokémon
WWE
Your Account Isn't Verified!
In order to create a playlist on Sporcle, you need to verify the email address you used during registration. Go to your
Sporcle Settings
to finish the process.
Report this User
Report this user for behavior that violates our
Community Guidelines
.
Details:
Send Report
Go to the Sporcle.com Mobile Site →
Comments